Quizzes
Events
Quiz Creation
Community
Videos
Private Events
Remove Ads
Sign In
Join for FREE
Feedback
Dark Mode
Quiz Categories
Sports
Geography
Music
Movies
Television
Just For Fun
Miscellaneous
History
Literature
Language
Science
Gaming
Entertainment
Religion
Holiday
For Kids
Quiz Lab
Recent
Popular Today
Quiz Kudos Today
Editor Picks
Curator Picks
Quizzes by...
Day
Popularity
Type
Ratings
Length
Year
Community
Subscriptions
Recent Discussions
Orange Saloon
Badges
Playlists
Quests
Create
Leaderboards
Showdown
Live 5
Trivia Bingo
Activity
Puzzle Library
Sporcle Events
Private Events
Virtual Trivia
Globe League
Become a Host
Pub Owners
SporcleCon
Opinionation
Our Games
Videos
Blog
Mobile Apps
Partnerships
Remove Ads and Go Orange
Feedback
Religion
Mythology
Religious Music
World Religions
Bible
Christianity
Catholicism
Judaism
Church
Scripture
Islam
Verse
Religion
Mythology
Religious Music
World Religions
Bible
Christianity
Catholicism
Judaism
Church
Scripture
Islam
Verse
Random Quiz
Search Sporcle
×
Quiz Lab
Quiz Lab
Religion
Verse
Type in answers that appear in a list
Type in answers that appear in a list
Classic
Best Score? Go Orange.
Romans 1 (NKJV) Stats
Can you name the Romans 1 (NKJV)?
By
patticus
20m
32 Questions
18 Plays
18 Plays
18 Plays
Comments
Comments
Give Quiz Kudos
Give Quiz Kudos
-
- Ratings
hide this ad
More Info
Forced Order
Answers have to be entered in order
Answers have to be entered in order
Replay
Link that replays current quiz
Next Quiz
Link to next quiz in quiz playlist
You Got
0%
They Got
Avg Score
14%
Avg Friend Score
Upgrade to see
Score Distribution
Jump to the score distribution portion of the page
Score
0/32
Timer
20:00
0
Plays Today
Reference
Verse
% Correct
Romans 1:19
because what may be known of God is manifest in them, for God has shown it to them.
66.7%
Romans 1:18
For the wrath of God is revealed from heaven against all ungodliness and unrighteousness of men, who suppress the truth in unrighteousness,
44.4%
Romans 1:6
among whom you also are the called of Jesus Christ;
38.9%
Romans 1:22
Professing to be wise, they became fools,
33.3%
Romans 1:1
Paul, a bondservant of Jesus Christ, called to be an apostle, separated to the gospel of God
22.2%
Romans 1:20
For since the creation of the world His invisible attributes are clearly seen, being understood by the things that are made, even His eternal power and Godhead, so that they are without excuse,
22.2%
Romans 1:2
which He promised before through His prophets in the Holy Scriptures,
16.7%
Romans 1:3
concerning His Son Jesus Christ our Lord, who was born of the seed of David according to the flesh,
16.7%
Romans 1:4
and declared to be the Son of God with power according to the Spirit of holiness, by the resurrection from the dead.
16.7%
Romans 1:5
Through Him we have received grace and apostleship for obedience to the faith among all nations for His name,
16.7%
Romans 1:7
To all who are in Rome, beloved of God, called to be saints: Grace to you and peace from God our Father and the Lord Jesus Christ.
16.7%
Romans 1:8
First, I thank my God through Jesus Christ for you all, that your faith is spoken of throughout the whole world.
16.7%
Romans 1:9
For God is my witness, whom I serve with my spirit in the gospel of His Son, that without ceasing I make mention of you always in my prayers,
16.7%
Romans 1:10
making request if, by some means, now at last I may find a way in the will of God to come to you.
16.7%
Romans 1:11
For I long to see you, that I may impart to you some spiritual gift, so that you may be established
16.7%
Romans 1:12
that is, that I may be encouraged together with you by the mutual faith both of you and me.
11.1%
Reference
Verse
% Correct
Romans 1:13
Now I do not want you to be unaware, brethren, that I often planned to come to you but was hindered until now, that I might have some fruit among you also, just as among the other Gentiles.
11.1%
Romans 1:14
I am a debtor both to Greeks and to barbarians, both to wise and to unwise.
11.1%
Romans 1:15
So, as much as is in me, I am ready to preach the gospel to you who are in Rome also.
11.1%
Romans 1:16
For I am not ashamed of the gospel of Christ, for it is the power of God to salvation for everyone who believes, for the Jew first and also for the Greek.
11.1%
Romans 1:17
For in it the righteousness of God is revealed from faith to faith, as it is written, 'the just shall live by faith.'
11.1%
Romans 1:21
because, although they knew God, they did not glorify Him as God, nor were thankful, but became futile in their thoughts, and their foolish hearts were darkened.
5.6%
Romans 1:23
and changed the glory of the incorruptible God into an image made like corruptible man and birds and four footed animals and creeping things.
5.6%
Romans 1:24
Therefore God also gave them up to uncleanness, in the lusts of their hearts, to dishonor their bodies among themselves,
0%
Romans 1:25
who exchanged the truth of God for the lie, and worshiped and served the creature rather than the Creator, who is blessed forever. Amen.
0%
Romans 1:26
For this reason God gave them up to vile passions. For even their women exchanged the natural use for what is against nature.
0%
Romans 1:27
Likewise also the men, leaving the natural use of the woman, burned in their lust for one another, men with men committing what is shameful, and receiving in themselves the penalty of their error which was due.
0%
Romans 1:28
And even as they did not like to retain God in their knowledge, God gave them over to a debased mind, to do those things which are not fitting;
0%
Romans 1:29
being filled with all unrighteousness, sexual immorality, wickedness, covetousness, maliciousness; full of envy, murder, strife, deceit, evil-mindedness; they are whisperers,
0%
Romans 1:30
backbiters, haters of God, violent, proud, boasters, inventors of evil things, disobedient to parents,
0%
Romans 1:31
undiscerning, untrustworthy, unloving, unforgiving, unmerciful;
0%
Romans 1:32
who, knowing the righteous judgment of God, that those who practice such things are deserving of death, not only do the same but also approve of those who practice them.
0%
Quiz Playlist
Details
Report
Send in Message
Add To Playlist
More Info:
Enter the complete text of each verse from the New King James Version of Romans Chapter 1
Classic:
Type in answers that appear in a list
Forced Order:
Answers have to be entered in order
Quiz Source
Last Updated: Feb 16, 2017
Quiz Scoreboard
CHALLENGE
Sign Up to Join the Scoreboard
Show All
Scores
Hide
Comments
May contain spoilers
Recently Published
Presidents Visiting Landmarks
by Hejman
History
7m
An Introduction to Baseball
by treessimontrees
Sports
5m
Movies - When Are They Set?
by FPL_Elf
Movies
5m
More to Explore
Quiz From the Vault
Featured Blog Post
Where Did the Easter Bunny Come From?
hide this ad
You Might Also Like...
Tags
Verse Quiz
Reference
Roman
Today's Top Quizzes in Religion
Browse Religion
hide this ad
Today's Top Quizzes in Verse
Browse Verse
Top Contributed Quizzes in Religion
1
5-to-1: Children of Gods
2
5-to-1: European Churches
3
One Thing in Common: Mythology
4
10 to 1: Islam
5
Order Up: Seven Last Words of Christ
6
One Thing in Common: Mythology II
7
Prime Time: Religion
8
Religion Who Wants To Be A Millionaire
9
10 to 1: Protestantism
10
10 to 1: Norse Religion
Explore More
Trending Topics
Marvel
Disney
NBA
Harry Potter
Anime
Kpop
Crossword
NFL
Pokémon
Country
Song
The Office
Puzzle
WWE
Soccer
hide this ad
More By:
patticus
Quiz
Plays
Rating
Category
Featured
Created
Romans 5 (NKJV)
27
Religion
Apr 4, 2011
Romans 1 (NKJV)
18
1.00
Religion
Apr 7, 2011
Novare Physical Science Ch 1 Vocab
10
5.00
Science
Nov 11, 2023
Novare Physical Science Ch 1-2 Vocab
3
Science
Nov 11, 2023
Romans 2 (NKJV)
3
5.00
Religion
Apr 27, 2011
Go to Creator's Profile
Score Distribution
Quiz Creator Spotlight
patticus
Follow
Send a Message
Quizzes Created
-
Created Quiz Play Count
-
More By This Creator
Popular Quizzes Today
1
Find the US States - No Outlines Minefield
2
Find the Countries of Europe - No Outlines Minefield
3
The Countries of the World
4
Find the US States
5
Popular People in 1961
6
US States
7
Risky Map Clicking: Biggest States A-Z
8
Movies - When Are They Set?
More Religion Quizzes
Religious Names with Meaning
Editor's Pick
Trending Quizzes
Risky Map Clicking: Least Populous States A-Z
1-10 Letter G Words
1-10 Letter F Words
Risky Map Clicking: Next State Alphabetically
Risky Map Clicking: Biggest States A-Z
Recently Updated
Leaping Animals
pecheneg
Reality TV Shows (A-Z)
bhenderson79
Rickey Henderson's Hall of Fame Teammates
pecheneg
Champions League XIs: Arsenal
pecheneg
Quick Pick: Celebrities in WWE's Hall of Fame
aduchscher
A-Z Keypad Blitz II
pecheneg
Multiple Oscar Actors
pecheneg
Mystery Phrase Blitz: Oscar 'Best Actors'
pecheneg
F. Scott Fitzgerald Novels
LTH
Pick 3 Villains
ddd62291
Trending Topics
Crossword
Anime
Marvel
NBA
Disney
Harry Potter
Kpop
WWE
Puzzle
Country
Soccer
Pokémon
The Office
Song
NFL
Your Account Isn't Verified!
In order to create a playlist on Sporcle, you need to verify the email address you used during registration. Go to your
Sporcle Settings
to finish the process.
Report this User
Report this user for behavior that violates our
Community Guidelines
.
Details:
Send Report
Go to the Sporcle.com Mobile Site →
Comments